Procesy priamo ovplyvňujú výkonnosť
Dva pohľady na procesy. Certifikačný prístup a podnikateľský pohľad. Analýza procesov. Návrhy zlepšení. Klasifikácia štandardov procesu. Výstup procesu.
Gespeichert in:
| 1. Verfasser: | |
|---|---|
| Format: | Buchkapitel |
| Sprache: | Slowakisch |
| Schlagworte: | |
| Tags: |
Keine Tags, Fügen Sie das erste Tag hinzu!
|
MARC
| LEADER | 00000naa$a2200000$$$4500 | ||
|---|---|---|---|
| 001 | 0034304 | ||
| 005 | 20231013093510.7 | ||
| 041 | 0 | |a slo | |
| 044 | |a SK | ||
| 245 | 1 | 0 | |a Procesy priamo ovplyvňujú výkonnosť |c Helena Reháková |
| 520 | |a Dva pohľady na procesy. Certifikačný prístup a podnikateľský pohľad. Analýza procesov. Návrhy zlepšení. Klasifikácia štandardov procesu. Výstup procesu. | ||
| 610 | 2 | 0 | |a výkony podnikové |
| 610 | 2 | 0 | |a procesy podnikové |
| 610 | 2 | 0 | |a stratégia podniková |
| 610 | 2 | 0 | |a rast podniku |
| 610 | 2 | 0 | |a rast produktivity práce |
| 610 | 2 | 0 | |a analýzy |
| 610 | 2 | 0 | |a zákazníci |
| 100 | 1 | |a Reháková, Helena | |